[Event "8th ch-Euro"]
[Site "Dresden GER"]
[Date "2007.04.05"]
[Round "3"]
[White "Berelovich,A"]
[Black "Bocharov,D"]
[Result "1-0"]
[WhiteElo "2549"]
[BlackElo "2602"]

1.e4 c5 2.Nf3 Nc6 3.d4 cxd4 4.Nxd4 e6 5.Nc3 Qc7 6.Be3 a6 7.Qd2 b5 8.Nxc6 dxc6
9.O-O-O e5 10.f4 Nf6 11.fxe5 Ng4 12.Bd4 Be7 13.Kb1 Nxe5 14.Qf4 f6 15.Be2 O-O
16.g4 Be6 17.g5 Rad8 18.gxf6 Bxf6 19.Qe3 Rd7 20.Rhf1 Rdf7 21.Qg3 Ng6 22.Qxc7 Rxc7
23.Bxf6 Rxf6 24.Rxf6 gxf6 25.Rd8+ Kf7 26.Ra8 Bc8 27.a4 Nf4 28.Bf3 Ke7 29.b4 Kd6
30.Kb2 Ke5 31.axb5 axb5 32.Nd1 Ng6 33.Nc3 Kd4 34.Be2 Ke5 35.Bf1 Nf4 36.Kc1 Be6
37.Kd2 Rg7 38.Ra6 Bd7 39.Ra7 Kd4 40.h4 Ke5 41.Ke3 Rg3+ 42.Kd2 Rg7 43.Ke3 Re7
44.Nxb5 cxb5 45.Bxb5 Ng2+ 46.Kf2 Nxh4 47.Rxd7 Ng6 48.Ke3 Rxd7 49.Bxd7 h5
50.Be8 Nf4 51.b5 Ng2+ 52.Kf2 Nf4 53.Kf3 Ne6 54.b6 Kd6 55.Kg3 Nc5 56.Kf4 h4
57.Bb5 h3 58.Bf1 Kc6 59.Bxh3 Kxb6 60.Kf5 Kc7 61.Bg2 Kd6 62.Kxf6 Nd7+ 63.Kf5 Ne5
64.Bf1 Nc6 65.Kf6 Ne5 66.Be2 Nd7+ 67.Kf5 Ne5 68.c4 Nd7 69.Bf1 Nc5 70.e5+ Ke7
71.Be2 Ne6 72.Ke4 Nc7 73.Bg4 Na6 74.Kd4 Nb4 75.Bf5 Nc6+ 76.Kd5 Nb4+ 77.Kc5 Na6+
78.Kb6 Nb4 79.Kb5 Na2 80.c5 Nc3+ 81.Kc4 Nd1 82.Kd4 Kd8 83.e6 Ke7 84.c6  1-0

[Event "8th ch-Euro"]
[Site "Dresden GER"]
[Date "2007.04.05"]
[Round "3"]
[White "Ragger,M"]
[Black "Beck,F"]
[Result "1-0"]
[WhiteElo "2487"]
[BlackElo "2346"]

1.e4 c5 2.Nf3 e6 3.d4 cxd4 4.Nxd4 Nc6 5.Nc3 Qc7 6.Be3 a6 7.Qd2 Nf6 8.O-O-O Bb4
9.f3 Ne7 10.Nde2 d5 11.Bg5 dxe4 12.Bxf6 gxf6 13.Qd4 exf3 14.Qxb4 fxe2 15.Bxe2 f5
16.Bh5 O-O 17.g4 fxg4 18.Qxg4+ Ng6 19.Rhf1 e5 20.Qg5 Be6 21.Ne4 Rac8 22.c3 Qc4
23.Nf6+ Kg7 24.Bxg6 hxg6 25.Qxe5 Kh6 26.Rf4 Rc5 27.Qe3  1-0

[Event "8th ch-Euro"]
[Site "Dresden GER"]
[Date "2007.04.05"]
[Round "3"]
[White "Meier,Geo"]
[Black "Vitiugov,N"]
[Result "1/2-1/2"]
[WhiteElo "2512"]
[BlackElo "2604"]

1.e4 c5 2.Nf3 e6 3.d4 cxd4 4.Nxd4 Nc6 5.Nc3 a6 6.Nxc6 bxc6 7.Bd3 d5 8.O-O Nf6
9.Qe2 Be7 10.b3 O-O 11.Bb2 a5 12.Rad1 Bb7 13.Na4 Qc7 14.exd5 cxd5 15.Be5 Qc6
16.Bb5 Ba6 17.c4 Bxb5 18.cxb5 Qb7 19.Rc1 Rfc8 20.b6 Ne8 21.Qb5 Bb4 22.Nc5 Bxc5
23.Rxc5 Rxc5 24.Qxc5 Rc8 25.Bc7 Nxc7 26.Rc1 h5 27.h4 d4 28.bxc7 Qb4 29.Qc6 Qd2
30.g3 d3 31.Kg2 Qb2 32.Rc4 Qe5 33.Qd7 Qd5+ 34.Qxd5 exd5 35.Rd4 Rxc7 36.Rxd5 Rc2
37.a4 Rc3 38.Rxh5 Rxb3 39.Rxa5 d2 40.Rd5 Ra3  1/2-1/2

[Event "8th ch-Euro"]
[Site "Dresden GER"]
[Date "2007.04.05"]
[Round "3"]
[White "Andriasian,Z"]
[Black "Laznicka,V"]
[Result "1/2-1/2"]
[WhiteElo "2508"]
[BlackElo "2593"]

1.e4 c5 2.Nf3 e6 3.d4 cxd4 4.Nxd4 Nc6 5.Nc3 a6 6.Nxc6 bxc6 7.Bd3 d5 8.O-O Nf6
9.Re1 Be7 10.e5 Nd7 11.Qg4 g6 12.Na4 Rb8 13.b3 h5 14.Qe2 Nb6 15.Nxb6 Qxb6
16.c4 d4 17.Bf4 c5 18.Be4 Bb7 19.Bxb7 Qxb7 20.Rad1 a5 21.Rd3 Qc6 22.Qd2 a4
23.Bg5 axb3 24.axb3 Bxg5 25.Qxg5 Qc7 26.h4 Qe7 27.Qg3 Rb6 28.Rf3 Qb7 29.Rd1 O-O
30.Rdd3 Qe4 31.Rf6 Ra6 32.Kh2 Ra1 33.b4 cxb4 34.Rxd4 Qb1 35.Rd1 Qxd1 36.Rxg6+ fxg6  1/2-1/2

[Event "18th Pobeskydi Arcimpex"]
[Site "Frydek Mistek CZE"]
[Date "2007.04.05"]
[Round "1"]
[White "Szczepkowska Horowska,K"]
[Black "Plischki,S"]
[Result "0-1"]
[WhiteElo "2324"]
[BlackElo "2379"]

1.e4 c5 2.Nf3 e6 3.d4 cxd4 4.Nxd4 Nc6 5.Nc3 d6 6.Be2 Nf6 7.Be3 Be7 8.O-O Bd7
9.Ndb5 Qb8 10.a4 O-O 11.Bg5 Rd8 12.Bxf6 gxf6 13.f4 a6 14.Na3 Qa7+ 15.Kh1 Qc5
16.Bh5 Kf8 17.Qg4 f5 18.exf5 exf5 19.Qh3 Be6 20.Rf3 Bf6 21.Rg3 h6 22.Re1 Qf2
23.Rd1 Qxf4 24.Bf3 d5 25.Nab1 Ne5 26.Re1 Ng4 27.Nd1 Qc1 28.Rf1 Bg7 29.Nbc3 Qxc2
30.Bxg4 fxg4 31.Qh5 d4 32.Rxg4 dxc3 33.Ne3 Qd3 34.Rg3 cxb2 35.Rgf3 Rd7 36.Nf5 b1=Q  0-1

[Event "18th Pobeskydi Hamont Cup"]
[Site "Frydek Mistek CZE"]
[Date "2007.04.05"]
[Round "2"]
[White "Jurcik,Mari"]
[Black "Pisk,P"]
[Result "1/2-1/2"]
[WhiteElo "2341"]
[BlackElo "2361"]

1.e4 c5 2.Nf3 Nc6 3.Nc3 e6 4.d4 cxd4 5.Nxd4 Qc7 6.Be3 a6 7.Be2 Nf6 8.O-O Bb4
9.Na4 Be7 10.Nxc6 bxc6 11.Nb6 Rb8 12.Nxc8 Qxc8 13.Bd4 c5 14.Be5 Rb6 15.Qd3 O-O
16.Qg3 Ne8 17.Rad1  1/2-1/2

[Event "18th Pobeskydi Chance Cup"]
[Site "Frydek Mistek CZE"]
[Date "2007.04.05"]
[Round "2"]
[White "Sadzikowski,D"]
[Black "Balkova,A"]
[Result "1-0"]
[WhiteElo "2118"]
[BlackElo "1951"]

1.e4 c5 2.Nf3 Nc6 3.Nc3 e6 4.d4 cxd4 5.Nxd4 Be7 6.Ndb5 d6 7.Bf4 e5 8.Be3 a6
9.Nd5 axb5 10.Bb6 Qd7 11.Nc7+ Kf8 12.Nxa8 Nf6 13.Bxb5 Nxe4 14.Be3 Bd8 15.O-O h5
16.Qf3 Nf6 17.Rad1 Qe7 18.h3 e4 19.Qf4 d5 20.Bxc6 bxc6 21.Qb8 Qb7 22.Qxb7 Bxb7
23.Nb6 Bxb6 24.Bxb6 Nd7 25.Be3 Ba6 26.Rfe1 f6 27.b3 Ke7 28.f3 f5 29.Bd4 Rg8
30.fxe4 fxe4 31.c4 c5 32.Bb2 d4 33.Rxe4+ Kd6 34.Bxd4  1-0

[Event "Kaupthing GM"]
[Site "Reykjavik ISL"]
[Date "2007.04.05"]
[Round "2"]
[White "Hermansson,E"]
[Black "Kristjansson,St"]
[Result "1-0"]
[WhiteElo "2475"]
[BlackElo "2485"]

1.e4 c5 2.Nf3 e6 3.d4 cxd4 4.Nxd4 Nc6 5.Nc3 Qc7 6.Be3 a6 7.Qd2 Nf6 8.O-O-O Bb4
9.f3 Ne5 10.Nb3 b5 11.Kb1 Be7 12.Qf2 d6 13.Bb6 Qb8 14.Bd4 O-O 15.g4 Nfd7
16.Rg1 b4 17.Na4 Qc7 18.f4 Nc6 19.Nb6 Rb8 20.Nxc8 Qxc8 21.Be3 a5 22.g5 a4
23.Nd2 Na5 24.Bd3 a3 25.b3 d5 26.exd5 exd5 27.Bd4 Nc6 28.Bxh7+ Kxh7 29.Qh4+ Kg6
30.f5+ Kxf5 31.Qh3+ Kg6 32.Qd3+  1-0

[Event "1st Alexandr Buslaev Mem"]
[Site "Tbilisi GEO"]
[Date "2007.04.05"]
[Round "4"]
[White "Kashashvili,A"]
[Black "Minasyan,A"]
[Result "1-0"]
[WhiteElo "2306"]
[BlackElo "2170"]

1.e4 c5 2.Nf3 e6 3.d4 cxd4 4.Nxd4 Nc6 5.Nc3 Qc7 6.g3 a6 7.Bg2 Be7 8.O-O d6
9.Nxc6 bxc6 10.Na4 e5 11.c4 Be6 12.c5 Nf6 13.cxd6 Qxd6 14.Qc2 O-O 15.Be3 Nd7
16.Rfd1 Qb4 17.b3 c5 18.Nc3 c4 19.Nd5 Bxd5 20.Rxd5 cxb3 21.Qxb3 Nf6 22.Rxe5 Ng4
23.Rd5 Qxb3 24.axb3 Nxe3 25.fxe3 Ra7 26.Bf1 Rb8 27.Bc4 Kf8 28.Rf1 Bb4 29.Rh5 h6
30.Rhf5 Rbb7 31.e5 Bc3 32.e6 f6 33.Rc5 Rc7 34.Rxc7 Rxc7 35.Bxa6 Bd2 36.Kf2 Rc3
37.Bc4 Bxe3+ 38.Ke2 Rc1 39.Kxe3  1-0

[Event "LIII Mexican Open"]
[Site "Aguascalientes MEX"]
[Date "2007.04.06"]
[Round "5"]
[White "Hernandez Guerrero,G"]
[Black "Duarte Barahona,R"]
[Result "1-0"]
[WhiteElo "2551"]
[BlackElo "2082"]

1.e4 c5 2.Nc3 e6 3.Nf3 Nc6 4.d4 cxd4 5.Nxd4 d6 6.g3 a6 7.Bg2 Bd7 8.O-O Nf6
9.Be3 Rc8 10.Qe2 Nxd4 11.Bxd4 e5 12.Be3 Be7 13.a4 O-O 14.a5 Qc7 15.Qd2 Qb8
16.h3 h5 17.Rfd1 Be6 18.Rac1 Bd8 19.Ra1 Be7 20.Rdc1 Rxc3 21.Qxc3 d5 22.exd5 Nxd5
23.Qd2 Rd8 24.Qe2 f5 25.Rd1 f4 26.Bxf4 Nxf4 27.gxf4 Rxd1+ 28.Rxd1  1-0

[Event "8th ch-Euro"]
[Site "Dresden GER"]
[Date "2007.04.06"]
[Round "4"]
[White "Kulaots,K"]
[Black "Kobalia,M"]
[Result "0-1"]
[WhiteElo "2525"]
[BlackElo "2639"]

1.e4 c5 2.Nf3 e6 3.d4 cxd4 4.Nxd4 Nc6 5.Nc3 a6 6.Be3 Nf6 7.Qd2 Bb4 8.Bd3 d5
9.exd5 Nxd5 10.Nxc6 bxc6 11.Bd4 O-O 12.a3 Bd6 13.Ne4 Bf4 14.Qe2 f5 15.Nd2 e5
16.Bc5 Re8 17.Bc4 e4 18.Nb3 Kh8 19.Rd1 Be5 20.O-O Qc7 21.Qh5 Be6 22.Nd4 Bf7
23.Qh3 f4 24.Nf5 Rad8 25.Bd4 Bg6 26.Nh4 Bh5 27.Rd2 e3 28.Rd3 Bxd4  0-1

[Event "8th ch-Euro"]
[Site "Dresden GER"]
[Date "2007.04.06"]
[Round "4"]
[White "Berescu,A"]
[Black "Balogh,C"]
[Result "1/2-1/2"]
[WhiteElo "2495"]
[BlackElo "2616"]

1.e4 c5 2.Nf3 e6 3.d4 cxd4 4.Nxd4 Nc6 5.Nc3 d6 6.Be3 Nf6 7.Qd2 Be7 8.f3 O-O
9.O-O-O d5 10.exd5 Nxd5 11.Nxd5 Qxd5 12.Nxc6 Qxc6 13.Bd3 Rd8 14.Rhe1 Qc7
15.Bf4 Qb6 16.Be3 Qc7 17.Bf4 Qb6 18.Be3 Qc7  1/2-1/2

[Event "9th Open"]
[Site "Foxwoods USA"]
[Date "2007.04.06"]
[Round "4"]
[White "Pruess,D"]
[Black "Micayabas,M"]
[Result "1/2-1/2"]
[WhiteElo "2408"]
[BlackElo "2312"]

1.e4 c5 2.Nf3 e6 3.d4 cxd4 4.Nxd4 Nc6 5.Nc3 Qc7 6.Be3 a6 7.Bd3 b5 8.O-O Bb7
9.a3 Nf6 10.Nxc6 Qxc6 11.Qe2 Be7 12.f4 h5 13.e5 Nd5 14.Nxd5 Qxd5 15.c4 bxc4
16.Bxc4 Qe4 17.Bd3 Qd5 18.Rac1 h4 19.Bc4 Qe4 20.Bd3 Qd5 21.h3 Bc6 22.Rfd1 Qb3
23.Rc3 Qb7 24.b4 f5 25.exf6 gxf6 26.Bg6+ Kf8 27.f5 Bd5 28.Bf4 Qb6+ 29.Qf2 Qxf2+
30.Kxf2 Bd8 31.Bd6+ Be7 32.Bf4 Bd8 33.Be3 Rg8 34.Rd4 Rh8 35.fxe6 dxe6 36.Be4 Bxe4
37.Rxe4 Kf7 38.Rc6 e5 39.Rcc4 Ke6 40.Rxh4 Rxh4 41.Rxh4 f5 42.Rh8 a5 43.Rh6+ Kd5
44.b5 f4 45.Bd2 a4 46.Ke2 Be7 47.Ra6 Rg8 48.Kf1 Bxa3 49.Rxa4 Bc5 50.Ra1 Kc4
51.Rb1 Kd3 52.Bb4 Be3 53.Bd6 f3 54.Rb3+ Ke4 55.gxf3+ Kxf3 56.Rxe3+ Kxe3 57.b6 Kf3
58.b7 Kg3 59.Ke2 Kxh3 60.Kf3  1/2-1/2

[Event "XXXIV Open"]
[Site "La Roda ESP"]
[Date "2007.04.06"]
[Round "5"]
[White "Aymerich Rosell,P"]
[Black "Velicka,P"]
[Result "0-1"]
[WhiteElo "2208"]
[BlackElo "2504"]

1.Nf3 c5 2.e4 e6 3.d4 cxd4 4.Nxd4 Nc6 5.Nc3 Nf6 6.Ndb5 d6 7.Bf4 e5 8.Bg5 a6
9.Na3 b5 10.Nd5 Be7 11.Bxf6 Bxf6 12.c3 Bg5 13.Nc2 Rb8 14.Ncb4 Nxb4 15.Nxb4 Bb7
16.Qd3 O-O 17.Rd1 a5 18.Nd5 Bc8 19.Be2 Be6 20.O-O g6 21.Kh1 Kh8 22.b3 f5
23.f4 fxe4 24.Qxe4 Bf5 25.Qe3 Bh6 26.c4 bxc4 27.Bxc4 Bg4 28.Rd2 Be6 29.g3 Rb7
30.Qc3 Qa8 31.Re1 Rc7 32.Qb2 Rcc8 33.Red1 Bg7 34.fxe5 Rf5 35.Kg1 Rxe5 36.Nc3 Bxc4
37.bxc4 Rxc4 38.Rxd6 Re8 39.R6d3 Qc8 40.Qb5 Rxc3 41.Qxe8+ Qxe8 42.Rd8 Rc8  0-1

[Event "XXXIV Open"]
[Site "La Roda ESP"]
[Date "2007.04.06"]
[Round "5"]
[White "Radulski,J"]
[Black "Saldano,H"]
[Result "1/2-1/2"]
[WhiteElo "2485"]
[BlackElo "2422"]

1.e4 c5 2.Nf3 e6 3.d4 cxd4 4.Nxd4 Nc6 5.Nc3 Qc7 6.f4 Nxd4 7.Qxd4 a6 8.Be3 b5
9.Be2 Bb7 10.O-O Rc8 11.Bf3 h5 12.Rad1 Nf6 13.h3 h4 14.e5 Nh5 15.Ne4 Bxe4
16.Bxe4 Bc5 17.Qxc5 Qxc5 18.Bxc5 Rxc5 19.Rd6 Ng3 20.Rxa6 Ke7 21.b4 Rc3 22.Bd3 Nxf1
23.Kxf1 g5 24.fxg5 Rh5 25.a4 Rxg5 26.axb5 Rxe5 27.b6 Rc8 28.c4 Re3 29.Be2 Rb8
30.c5 Rb3 31.Ra4 f5 32.Bc4 Rb1+ 33.Ke2 Rb2+ 34.Kd3 Rxg2 35.Ra2 Rgg8  1/2-1/2

[Event "Easter Open"]
[Site "Oberhausen GER"]
[Date "2007.04.06"]
[Round "3"]
[White "Ackermann,F"]
[Black "Kaufeld,J"]
[Result "1/2-1/2"]
[WhiteElo "2086"]
[BlackElo "2308"]

1.e4 c5 2.Nf3 e6 3.d4 cxd4 4.Nxd4 Nc6 5.Nc3 d6 6.Nxc6 bxc6 7.Bd3 Nf6 8.O-O Be7
9.Qe2 e5 10.Kh1 O-O 11.f4 exf4 12.Bxf4 Ng4 13.Bc4 Bf6 14.Rad1 Ne5 15.Bb3 Bg4
16.Bxe5 Bxe2 17.Bxf6 gxf6 18.Nxe2 Qe7 19.Ng3 Kh8 20.Rf4 Rg8 21.Nf5 Qe5 22.Rdf1 Raf8
23.g3 Rg5 24.Nh6 Qxb2 25.Rxf6 Rg6 26.Nxf7+ Kg7 27.R6f5 a5 28.a4 Qc3 29.Kg2 c5
30.R5f3 Qb4 31.Bd5 Qxa4 32.R1f2 Qa1 33.c3 Qd1 34.h4 h5 35.Rf1 Qe2+ 36.R1f2 Qd1
37.Rf1 Qd2+ 38.R1f2 Qe1 39.Rf1 Qd2+ 40.R1f2 Qd1  1/2-1/2

[Event "30th Open"]
[Site "San Sebastian ESP"]
[Date "2007.04.06"]
[Round "7"]
[White "Irure Crespo,E"]
[Black "Galarraga Lasa,J"]
[Result "1-0"]
[WhiteElo "1953"]
[BlackElo "1840"]

1.e4 c5 2.Nf3 e6 3.d4 cxd4 4.Nxd4 Nc6 5.Nc3 Nf6 6.Ndb5 d6 7.Bf4 e5 8.Bg5 a6
9.Na3 Be7 10.Nc4 Nd4 11.Bxf6 gxf6 12.Nd5 b5 13.Ncb6 Rb8 14.c3 Nc6 15.Nxc8 Rxc8
16.a4 Rb8 17.axb5 axb5 18.Ra6 Qc8 19.Be2 Bd8 20.Qa1 Rg8 21.O-O Rg6 22.Bh5 Rg5
23.Bf3 f5 24.Qa3 fxe4 25.Bxe4 Qg4 26.Nf6+ Bxf6 27.Bxc6+ Kf8 28.Qxd6+ Kg7
29.Qxb8 e4 30.g3 Qf3 31.Qb7 Rg4 32.Ra7 Be5 33.Bd5 Rf4 34.Qe7 Rf5 35.Bxf7 Bf6
36.Bh5+ Bxe7 37.Bxf3  1-0

[Event "45th Doeberl Cup"]
[Site "Canberra AUS"]
[Date "2007.04.07"]
[Round "4"]
[White "Timoshenko,G"]
[Black "Goldenberg,I"]
[Result "1/2-1/2"]
[WhiteElo "2566"]
[BlackElo "2388"]

1.e4 c5 2.Nf3 Nc6 3.d4 cxd4 4.Nxd4 e6 5.Nc3 d6 6.g3 Nf6 7.Bg2 Bd7 8.O-O Be7
9.h3 Nxd4 10.Qxd4 Bc6 11.a4 O-O 12.Rd1 Qc7 13.Be3 b6 14.g4 Rfd8 15.g5 Nd7
16.f4 Qb7 17.b4 e5 18.Qd2  1/2-1/2

[Event "45th Doeberl Cup"]
[Site "Canberra AUS"]
[Date "2007.04.07"]
[Round "4"]
[White "Toth,An1"]
[Black "Pecori,A"]
[Result "1-0"]
[WhiteElo "2408"]
[BlackElo "2136"]

1.e4 c5 2.Nf3 Nc6 3.d4 cxd4 4.Nxd4 e6 5.Nc3 Bb4 6.Nb5 a6 7.Nd6+ Ke7 8.Bf4 Nf6
9.a3 Bxc3+ 10.bxc3 Qa5 11.Qd2 Ne5 12.Be2 Rd8 13.O-O Ne8 14.Rad1 Qc5 15.Nxe8 Rxe8
16.Be3 Qc7 17.f4 Ng6 18.Qd4 f6 19.Qb4+ Kf7 20.Bb6 Qb8 21.Bh5 Kg8 22.Rd6 a5
23.Qd4 Rf8 24.Bxg6 hxg6 25.a4 Ra6 26.c4 Rxb6 27.Qxb6 Kf7 28.c5 Rh8 29.Rfd1 Rh5
30.Qd8 g5 31.f5  1-0

[Event "8th ch-Euro w"]
[Site "Dresden GER"]
[Date "2007.04.07"]
[Round "5"]
[White "Vozovic,O"]
[Black "Arakhamia,K"]
[Result "1/2-1/2"]
[WhiteElo "2323"]
[BlackElo "2437"]

1.e4 c5 2.Nf3 Nc6 3.Nc3 e6 4.d4 cxd4 5.Nxd4 d6 6.Be2 Nf6 7.Be3 Be7 8.O-O O-O
9.Kh1 Bd7 10.f4 Nxd4 11.Bxd4 Bc6 12.Bd3 d5 13.Bxf6 Bxf6 14.e5 Be7 15.f5 exf5
16.Rxf5 g6 17.Rf1 d4 18.Ne4 Qd5 19.Qd2 Qxe5 20.Rae1 Qd5 21.b3 b5 22.a4 a6
23.axb5 axb5 24.Nf6+ Bxf6 25.Rxf6 Rae8 26.Ref1 Re6 27.R6f4 f5 28.Qf2 Re3
29.h4 Qe5 30.Kg1 Kg7 31.h5 Qf6 32.h6+ Kxh6 33.Qh4+ Kg7 34.Qxf6+ Rxf6 35.Rxd4 Rg3
36.Rf2 h5 37.Kh2 Re3 38.c4 bxc4 39.Bxc4 g5 40.Rd8 Re8 41.Rfd2 f4 42.b4 Rxd8
43.Rxd8 g4 44.b5 Be4 45.Rd4 Bg6 46.b6 Rxb6 47.Rxf4 Rb4 48.Kg3 Kh6 49.Kh4 Bd3
50.Rf6+ Kg7 51.Rf7+ Kg6 52.Bd5 Rb1 53.Rf8 Rh1+ 54.Kg3 Kg5 55.Rg8+ Kf5 56.Rf8+ Ke5
57.Bb7 Bb5 58.Bc8 Bc6 59.Rh8 h4+ 60.Rxh4 Rxh4 61.Kxh4 Bxg2  1/2-1/2

[Event "8th ch-Euro"]
[Site "Dresden GER"]
[Date "2007.04.07"]
[Round "5"]
[White "Cao Sang"]
[Black "Bocharov,D"]
[Result "1/2-1/2"]
[WhiteElo "2488"]
[BlackElo "2602"]

1.e4 c5 2.Nf3 Nc6 3.Nc3 e6 4.d4 cxd4 5.Nxd4 Qc7 6.Be2 a6 7.Be3 Nf6 8.O-O d6
9.f4 Be7 10.a4 O-O 11.Kh1 Re8 12.a5 Nxa5 13.e5 dxe5 14.fxe5 Qxe5 15.Bf4 Qc5
16.Na4 Qa7 17.Be3 b5 18.Nf5 Qc7 19.Bb6 Qd7 20.Nxe7+ Qxe7 21.Bc5 Qc7 22.Bb6 Qe7
23.Bc5 Qc7 24.Bb6 Qe7 25.Bc5  1/2-1/2

[Event "8th ch-Euro"]
[Site "Dresden GER"]
[Date "2007.04.07"]
[Round "5"]
[White "Frolyanov,D"]
[Black "Vehi Bach,V"]
[Result "1-0"]
[WhiteElo "2521"]
[BlackElo "2368"]

1.e4 c5 2.Nf3 e6 3.d4 cxd4 4.Nxd4 Nc6 5.Nc3 Qc7 6.Be2 a6 7.O-O Nf6 8.Be3 Bb4
9.Na4 Be7 10.Nxc6 bxc6 11.Nb6 Rb8 12.Nxc8 Qxc8 13.Bd4 c5 14.Be5 Rb6 15.Qd3 d6
16.Bc3 O-O 17.b3 d5 18.exd5 Nxd5 19.Be5 Bf6 20.Bxf6 Nxf6 21.Rad1 Nd5 22.Bf3 Ne7
23.Be4 Ng6 24.Rfe1 Qc7 25.g3 f5 26.Bg2 Ne5 27.Qc3 Nf7 28.Qc4 Rd8 29.Rxd8+ Nxd8
30.Bf1 Qd6 31.Be2 Nc6 32.c3 Ne5 33.Qf4 Nf7 34.Qf3 h6 35.Rd1 Qe5 36.Bf1 Ng5
37.Rd8+ Kh7 38.Qa8 Nf7 39.Rf8 Qc7 40.Qe8  1-0

[Event "9th Open"]
[Site "Foxwoods USA"]
[Date "2007.04.07"]
[Round "7"]
[White "Atoufi,P"]
[Black "Sarkar,J"]
[Result "0-1"]
[WhiteElo "2280"]
[BlackElo "2418"]

1.e4 c5 2.Nf3 e6 3.d4 cxd4 4.Nxd4 Nc6 5.Nc3 Qc7 6.Be2 a6 7.O-O Nf6 8.Be3 Bb4
9.Na4 Be7 10.Nxc6 bxc6 11.Nb6 Rb8 12.Nxc8 Qxc8 13.Bd4 c5 14.Be5 Rb6 15.Qd3 d6
16.Bc3 O-O 17.b3 d5 18.exd5 Nxd5 19.Be5 Rd8 20.Qg3 f6 21.Bb2 Bd6 22.Qg4 Qc7
23.g3 Be5 24.Bxe5 Qxe5 25.Bc4 f5 26.Qe2 Qxe2 27.Bxe2 Nc3 28.Bd3 Kf7 29.Rfe1 Kf6
30.f4 h6 31.Re5 Rc6 32.Rae1 Nxa2 33.g4 g6 34.h4 Nb4 35.Bc4 fxg4 36.h5 Nd5
37.hxg6 Nxf4 38.g7 Kxg7 39.Bxe6 Rxe6 40.Rxe6 Nxe6 41.Rxe6 Rd2 42.c4 h5 43.Rxa6 h4
44.b4 cxb4 45.Rb6 h3 46.Rxb4 g3 47.Rb1 Kg6 48.c5 Kg5 49.c6 h2+ 50.Kh1 Kg4
51.c7 Rc2 52.Rb2 Rc1+  0-1

[Event "Easter Open"]
[Site "Oberhausen GER"]
[Date "2007.04.07"]
[Round "4"]
[White "Henrichs,T"]
[Black "Sokalsky,A"]
[Result "1-0"]
[WhiteElo "2483"]
[BlackElo "2199"]

1.e4 c5 2.Nf3 e6 3.d4 cxd4 4.Nxd4 Nc6 5.Nc3 Qc7 6.Be2 a6 7.O-O Nf6 8.Be3 d6
9.a4 Be7 10.f4 O-O 11.Kh1 Bd7 12.Nb3 Nb4 13.a5 d5 14.Bb6 Qc8 15.e5 Ne4 16.Nxe4 dxe4
17.c4 Bc6 18.Nd4 Qd7 19.Qe1 g6 20.Rd1 Nd3 21.Bxd3 exd3 22.Rxd3 Rfc8 23.Qe2 Bf8
24.b3 Qe7 25.Qf2 Qb4 26.Nc2 Qe7 27.Ne3 Qa3 28.Ng4 Be4 29.Nf6+  1-0

[Event "LIII Mexican Open"]
[Site "Aguascalientes MEX"]
[Date "2007.04.08"]
[Round "9"]
[White "Zapata,Alo"]
[Black "Quezada,Y"]
[Result "1/2-1/2"]
[WhiteElo "2471"]
[BlackElo "2515"]

1.e4 c5 2.Nf3 e6 3.d4 cxd4 4.Nxd4 Nc6 5.Nc3 a6 6.Nxc6 bxc6 7.Bd3 d5 8.O-O Nf6
9.Qe2 Be7 10.e5 Nd7 11.Na4 c5 12.c4 d4 13.Bd2 Bb7 14.b3 Qc7 15.f4 g6 16.Be4 Rb8
17.Rf3 Bxe4 18.Qxe4 Qb7 19.Qe2 O-O 20.Raf1 Rbe8 21.Rg3 f5 22.exf6 Bxf6 23.Qf3 Qxf3
24.Rgxf3 Be7 25.g3 Bd6 26.Kg2 Kg7 27.Re1 Rf7 28.Rf2 e5 29.Rfe2 Rfe7 30.fxe5 Rxe5
31.Rxe5 Rxe5 32.Rxe5 Bxe5 33.Kf3 Kf6 34.h3 Ke6 35.g4 Bd6 36.Bg5 h5 37.Bf4 hxg4+
38.hxg4 Bxf4 39.Kxf4 a5 40.Nb2 Ne5 41.a3 Kf6 42.Ke4 Ke6 43.Kf4 Kf6 44.Ke4 Ke6  1/2-1/2

[Event "II Rapid"]
[Site "Canada de Calatrava ESP"]
[Date "2007.04.08"]
[Round "9"]
[White "Anand,V"]
[Black "Polgar,Ju"]
[Result "1/2-1/2"]
[WhiteElo "2779"]
[BlackElo "2727"]

1.e4 c5 2.Nf3 e6 3.d4 cxd4 4.Nxd4 Nc6 5.Nc3 Qc7 6.Be3 a6 7.Qd2 Nf6 8.O-O-O Bb4
9.f3 O-O 10.g4 b5 11.g5 Nh5 12.Kb1 Nxd4 13.Qxd4 Bxc3 14.Qxc3 Qxc3 15.bxc3 d5
16.Be2 g6 17.exd5 exd5 18.Rhe1 Re8 19.Bd3 Bd7 20.Re2 f6 21.Rde1 Kf7 22.Kb2 Rac8
23.gxf6 Nxf6 24.Bd4 Rxe2 25.Rxe2 Ne8 26.Be5 Rc6 27.h4 Nd6 28.Bf4 Nc4+ 29.Kc1 Bf5
30.Bg5 Re6 31.Bxc4  1/2-1/2

[Event "45th Doeberl Cup"]
[Site "Canberra AUS"]
[Date "2007.04.08"]
[Round "6"]
[White "Jager,J"]
[Black "Goldenberg,I"]
[Result "1/2-1/2"]
[WhiteElo "2077"]
[BlackElo "2388"]

1.e4 c5 2.Nf3 e6 3.d4 cxd4 4.Nxd4 Nc6 5.Nc3 d6 6.Be3 Nf6 7.f3 Be7 8.Qd2 a6
9.O-O-O O-O 10.g4 Nd7 11.Be2 Nde5 12.Kb1 b5 13.f4 Nxd4 14.Qxd4 Nc6 15.Qd2 Qa5
16.Bf3 b4 17.Ne2 Bb7 18.g5 Qb5 19.Ng3 Na5 20.b3 Rac8 21.Bd4 Nc6 22.Bb2 Qc5
23.h4  1/2-1/2

[Event "8th ch-Euro w"]
[Site "Dresden GER"]
[Date "2007.04.08"]
[Round "6"]
[White "Umudova,N"]
[Black "Voicu,C"]
[Result "1/2-1/2"]
[WhiteElo "2216"]
[BlackElo "2359"]

1.e4 c5 2.Nf3 e6 3.d4 cxd4 4.Nxd4 Nc6 5.Nc3 Qc7 6.Be2 a6 7.O-O Nf6 8.Be3 Bb4
9.Na4 Be7 10.Nxc6 bxc6 11.Nb6 Rb8 12.Nxc8 Qxc8 13.Bd4 c5 14.Be5 Rb6 15.c4 O-O  1/2-1/2

[Event "8th ch-Euro"]
[Site "Dresden GER"]
[Date "2007.04.08"]
[Round "6"]
[White "Almasi,Z"]
[Black "Volokitin,And"]
[Result "1/2-1/2"]
[WhiteElo "2669"]
[BlackElo "2645"]

1.e4 c5 2.Nf3 e6 3.d4 cxd4 4.Nxd4 Nc6 5.Nc3 a6 6.Nxc6 bxc6 7.Bd3 d5 8.O-O Qc7
9.Qe2 Nf6 10.b3 Bb7 11.Re1 Nd7 12.Bb2 d4 13.Na4 Bd6 14.Qh5 c5 15.c3 e5 16.Rac1 Qd8
17.Ba3 O-O 18.cxd4 Nf6 19.Qg5 cxd4 20.Bxd6 Qxd6 21.Nc5 Bc8 22.Bc4 h6 23.Qd2 Nd7
24.Nd3 Bb7 25.b4 Kh8 26.f3 Rac8 27.Bb3 f6 28.Rxc8 Rxc8 29.Rc1 Rc7 30.a4 Kh7
31.Rc2 a5 32.Rxc7 Qxc7 33.b5 g6 34.h4 Kg7 35.Qb2 Nb6 36.Ba2 Qc3 37.Qxc3 dxc3
38.Bb3 f5 39.Nc5 Bc8 40.Kf2 f4 41.Ke2 Kf6 42.Kd3 Ke7 43.Kxc3 Kd6 44.Nd3 g5
45.hxg5  1/2-1/2

[Event "8th ch-Euro"]
[Site "Dresden GER"]
[Date "2007.04.08"]
[Round "6"]
[White "Kulaots,K"]
[Black "Hracek,Z"]
[Result "1-0"]
[WhiteElo "2525"]
[BlackElo "2619"]

1.e4 c5 2.Nf3 e6 3.d4 cxd4 4.Nxd4 Nc6 5.Nc3 a6 6.Be3 Nf6 7.Qd2 Bb4 8.Bd3 d5
9.a3 Ba5 10.exd5 Nxd5 11.Nxc6 bxc6 12.Bd4 Qh4 13.Bxg7 Rg8 14.g3 Qh5 15.Be2 Qf5
16.g4 Qg6 17.Bd4 c5 18.Bxc5 Nxc3 19.bxc3 Bb7 20.Rg1 Rd8 21.Bd4 Qe4 22.O-O-O e5
23.Bd3 Rxd4 24.Bxe4 Rxd2 25.Rxd2 Bxe4 26.Re1 f5 27.gxf5 Bxc3 28.Rxe4 Bxd2+
29.Kxd2 Rg2 30.Ke3 Rxh2 31.Rxe5+ Kf7 32.Re6 a5 33.c4 Rh1 34.Kd4 Rd1+ 35.Ke5 Re1+
36.Kd6 Rd1+ 37.Kc6 Ra1 38.Re3 Rh1 39.c5 h5 40.f4 h4 41.Kc7 h3 42.c6 Kf6 43.Rd3 Kxf5
44.Kd6 Kg4 45.c7 Rc1 46.Rd2 Kxf4 47.Kd7 Kg3 48.c8=Q Rxc8 49.Kxc8 h2 50.Rd1  1-0

[Event "8th ch-Euro"]
[Site "Dresden GER"]
[Date "2007.04.08"]
[Round "6"]
[White "Van der Weide,K"]
[Black "Stefansson,H"]
[Result "1/2-1/2"]
[WhiteElo "2476"]
[BlackElo "2576"]

1.e4 c5 2.Nf3 e6 3.d4 cxd4 4.Nxd4 Nc6 5.Nc3 Qc7 6.g4 a6 7.Bg2 b5 8.Nxc6 dxc6
9.O-O e5 10.f4 Nf6 11.h3 Nd7 12.Qf3 Bb7 13.a4 Be7 14.axb5 axb5 15.Rxa8+ Bxa8
16.g5 Qa7+ 17.Kh1 exf4 18.Bxf4 O-O 19.e5 Nc5 20.Be3 Qc7 21.Qg3 Ne6 22.Ne4 c5
23.h4  1/2-1/2

[Event "8th ch-Euro"]
[Site "Dresden GER"]
[Date "2007.04.08"]
[Round "6"]
[White "Brkic,A"]
[Black "Geller,J"]
[Result "1/2-1/2"]
[WhiteElo "2570"]
[BlackElo "2490"]

1.e4 c5 2.Nf3 e6 3.d4 cxd4 4.Nxd4 Nc6 5.Nc3 Qc7 6.Be3 a6 7.Be2 Nf6 8.a3 b5
9.Nxc6 dxc6 10.f4 Bb7 11.O-O Be7 12.e5 Rd8 13.Qe1 Nd5 14.Nxd5 cxd5 15.c3 Bc5
16.Bd4 O-O 17.Qd2 Rc8 18.Bd3 f6 19.exf6 Rxf6 20.Qe3 Qb6 21.b4 Bxd4 22.cxd4 Qd6
23.g3 Qb6 24.Rac1 Rc4 25.Bxc4 dxc4 26.Kf2 Rh6 27.h4 Qc6 28.Ke2 Rg6 29.Rf2 h5
30.Kd2 Qd6 31.Kc3 a5 32.Ra1 Qa6 33.Kb2 Rf6 34.Re2 Bd5 35.Qc3 axb4 36.axb4 Qd6
37.Re5 Rf5 38.Qe1 Rxe5 39.dxe5 Qf8 40.Ra5 Bc6 41.Qd2 Qf5 42.Ra3 Bd5 43.Qe2 Qh3
44.Qe3 Qg2+ 45.Kc3 Bb7 46.f5 exf5 47.e6 Be4 48.Ra1 Qc2+ 49.Kd4 Qb2+ 50.Qc3 Qf2+
51.Ke5 Bf3 52.Qe1 Qb2+ 53.Kd6 Qd4+ 54.Kc7 Qd5 55.Ra7 Qc6+ 56.Kd8 Qd6+ 57.Kc8 Qc6+
58.Kd8 Qd6+ 59.Kc8 Bd5 60.e7 Be6+ 61.Kb7 Bd5+ 62.Kc8 Be6+ 63.Kb7 Qxe7+ 64.Kb6 Qd6+
65.Kxb5 Qb8+ 66.Kc6 Qxa7 67.Qxe6+ Qf7 68.Qc8+ Qf8 69.Qe6+ Qf7 70.Qc8+ Kh7
71.Kc5 c3 72.Kd4 Qf6+ 73.Kc4 c2 74.Kb3 Qg6 75.b5 Qxg3+ 76.Kxc2 Qg2+ 77.Kb3 Qd5+
78.Qc4 Qd6 79.Qf7 Qd3+ 80.Kb4 Qd4+  1/2-1/2